Vector analysis with applications (Record no. 5838)

000 -LEADER
fixed length control field 00528nam a22002051 4500
001 - CONTROL NUMBER
control field 5838
003 - CONTROL NUMBER IDENTIFIER
control field BD-DhUET
008 - FIXED-LENGTH DATA ELEMENTS--GENERAL INFORMATION
fixed length control field 861017s1932 enka 000 0 eng c
020 ## - INTERNATIONAL STANDARD BOOK NUMBER
International Standard Book Number 8122405487
040 ## - CATALOGING SOURCE
Original cataloging agency DLC/ICU
Transcribing agency CGU
Modifying agency BD-DhUET
082 0# - DEWEY DECIMAL CLASSIFICATION NUMBER
Classification number 516.83
Item number ALI/1993
100 ## - MAIN ENTRY--PERSONAL NAME
Personal name Ali Ashraf, Md.
245 10 - TITLE STATEMENT
Title Vector analysis with applications
250 ## - EDITION STATEMENT
Edition statement 3rd ed.
260 ## - PUBLICATION, DISTRIBUTION, ETC. (IMPRINT)
Place of publication, distribution, etc. New Delhi
Name of publisher, distributor, etc. Wiley Eastern
Date of publication, distribution, etc. 1993
300 ## - PHYSICAL DESCRIPTION
Extent xv,308p.
Other physical details ill.
Dimensions 23 cm.
504 ## - BIBLIOGRAPHY, ETC. NOTE
Bibliography, etc Includes bibliographies
650 #0 - SUBJECT ADDED ENTRY--TOPICAL TERM
Topical term or geographic name as entry element Vector analysis
942 ## - ADDED ENTRY ELEMENTS (KOHA)
Koha item type General Book
Holdings
Price effective from Koha issues (times borrowed) Koha full call number Koha renewals Koha date last borrowed Sublocation or collection (holding branch) Koha item type Date acquired Shelving location Lost status Koha date last seen Withdrawn status Koha normalized classification for sorting Not for loan Koha out on loan Damaged status Copy number Piece designation (barcode) Location (home branch) Source of classification or shelving scheme
2014-11-293516.83/ALI/1993 2022-12-13Central Library, BUETGeneral Book2014-11-29Circulation section 2022-12-13 516_830000000000000_ALI_1993 2022-12-27 887531Central Library, BUET 
2014-12-2113516.83/ALI/199812025-04-29Central Library, BUETGeneral Book2014-12-21Circulation section 2025-05-13 516_830000000000000_ALI_1998   287528Central Library, BUET 
2015-01-27 516.83/ALI/1998  Central Library, BUETGeneral Book2015-01-27Circulation section 2016-04-02 516_830000000000000_ALI_1998   387530Central Library, BUET 
2015-01-316516.83/ALI/1998 2022-12-13Central Library, BUETGeneral Book2015-01-31Circulation section 2025-11-30 516_830000000000000_ALI_1998   448783Central Library, BUET 
2015-02-115516.83/ALI/1998 2020-01-05Central Library, BUETGeneral Book2015-02-11Circulation section 2020-11-03 516_830000000000000_ALI_1998   194102Central Library, BUET 
2015-04-118516.83/ALI/1993 2024-04-02Central Library, BUETGeneral Book2015-04-11Circulation section 2025-11-18 516_830000000000000_ALI_1993   787525Central Library, BUET 
2015-04-236516.83/ALI/1993 2023-09-27Central Library, BUETGeneral Book2015-04-23Circulation section 2025-11-29 516_830000000000000_ALI_1993   687526Central Library, BUET 
2015-05-032516.83/ALI/1993 2022-03-30Central Library, BUETGeneral Book2015-05-03Circulation section 2022-05-25 516_830000000000000_ALI_1993   787529Central Library, BUET 
2015-06-07 516.83/ALI/1993  Central Library, BUETReading Item2015-06-07Reading section 2015-06-07 516_830000000000000_ALI_1993   987550Central Library, BUET 
2015-06-07 516.83/ALI/1993  Central Library, BUETReading Item2015-06-07Reading section 2015-06-07 516_830000000000000_ALI_1993   1092374Central Library, BUET 
2015-06-08 516.83/ALI/1993  Central Library, BUETReading Item2015-06-08Reading section 2015-06-08 516_830000000000000_ALI_1993   1294100Central Library, BUET 
2015-06-14 516.83/ALI/1993  Central Library, BUETReading Item2015-06-14Reading section 2015-06-14 516_830000000000000_ALI_1993   1387551Central Library, BUET 
2015-09-02 516.83/ALI/1993  Central Library, BUETGeneral Book2015-09-02Circulation section 2017-03-04 516_830000000000000_ALI_1993   1487527Central Library, BUET